000 00810nam a22003017a 4500
001 BR9405379
003 BR-BrBNA
005 20230928094326.0
007 ta
008 230509b bl.||||| |||| 00| 0 por d
040 _aBR-BrBNA
_bpor
_cBiblioteca Nacional de Agricultura
041 _a(Por)
072 _aF03; N20
_b3575
090 _ 3575 BR9405379
100 1 _aVaughan, C.E.
100 1 _aGregg, B.R.
100 1 _aDeloriche, J.C.
110 1 _aMinisterio da Agricultura, Brasilia, DF (Brasil)
_96753
245 1 _aBeneficiamento e manuseio de sementes
260 3 _aBrasilia, DF (Brasil):
_c1980.
300 _a195 p.
500 _a154 illus.
650 _aSemente
650 _aBeneficiamento
650 _aEquipamento Agricola
909 _a202309
_bLucia
_c55
_dLucia Elande
942 _cBK
999 _c50072
_d50072